[Event "Bundesliga 0203"]
[Site "Germany"]
[Date "2003.01.12"]
[Round "9.6"]
[White "Werle, Jan"]
[Black "Nunn, John DM"]
[Result "0-1"]
[WhiteElo "2434"]
[BlackElo "2611"]
[Annotator "Rogozenco,D"]
[PlyCount "88"]
[EventDate "2002.10.19"]
[EventType "team-tourn"]
[EventRounds "15"]
[EventCountry "GER"]
[SourceTitle "CBM 093"]
[Source "ChessBase"]
[SourceDate "2003.04.01"]
[SourceVersion "1"]
[SourceVersionDate "2003.04.01"]
[SourceQuality "1"]
[WhiteTeam "Solingen"]
[BlackTeam "Luebeck"]
[WhiteTeamCountry "GER"]
[BlackTeamCountry "GER"]

1. e4 c5 2. Nf3 Nc6 3. d4 cxd4 4. Nxd4 Nf6 5. Nc3 e5 6. Ndb5 d6 7. Bg5 a6 8.
Na3 b5 9. Bxf6 gxf6 10. Nd5 f5 11. Bd3 Be6 12. O-O Bxd5 13. exd5 Ne7 14. c3 Bg7
15. Qh5 e4 16. Bc2 Qc8 17. Rae1 O-O 18. Bb3 a5 19. Qg5 Ng6 (19... Qb7) 20. Nxb5
a4 21. Bd1 Qc5 22. Nd4 $6 (22. c4 {The vulnerability of pawns d6 and f5 make
this advance possible. It is unclear why didn't White just repeat the game
Bruzon-Handke?} Qxc4 23. Nxd6 Qxa2 24. Re2 Qxd5 25. Nxf5 Ra5 26. g4 Kh8 27. Qe3
Ne5 28. Rd2 Qc6 29. Be2 Rg8 30. Rd6 Qc7 31. Rc1 Qb8 {Due to White's weakened
kingside the position remains double-edged, Bruzon-Handke, Oropesa del Mar,
1999. White managed to outplay the opponent later on.}) 22... Bxd4 23. cxd4
Qxd4 24. h4 (24. Qxf5 Rfe8 $13 {[%cal Ge8e5]}) 24... Qe5 $1 25. h5 $6 (25. f3
$142 $13) 25... f6 26. Qg3 (26. Qd2 Nf4 $17) 26... Qxg3 27. fxg3 Ne7 {Exchange
of queens is an achievement for Black.} 28. b3 Nxd5 29. bxa4 Ne7 30. g4 d5 {
Sooner or later Black's central pawns will play major role. White is already
clear worse.} 31. gxf5 Kg7 $1 {[%csl Rd1][%cal Gg7h6,Gh6g5]} 32. Bb3 Kh6 33.
Rc1 (33. Rd1 Ra5 34. Rd4 Kxh5 35. Rfd1 {with some chances to escape, although
rooks endgames will be difficult for White anyway.}) 33... Rfc8 34. Rcd1 Ra5
35. Rd4 Kxh5 36. Rb4 (36. Rfd1 Rcc5) 36... Kg5 37. Rb7 Nxf5 38. Rxh7 Rac5 39.
Rd7 d4 {once these pawns start to roll, usually nothing can stop them.} 40. Be6
d3 41. Bxf5 $4 ({Much more stubborn was} 41. Rxf5+ Rxf5 42. Rg7+ Kf4 43. g3+ (
43. Bxc8 d2 44. Rd7 Rc5 (44... e3 45. Ba6) 45. Rxd2 Rxc8 46. Rb2 (46. a5 Rc1+
47. Kh2 Rc5 48. a6 Ra5 49. Rd6 f5 50. Re6 Rxa2 51. Kg1 Ke3 52. Kh2 Ke2 53. Kg3
e3 54. Rf6 Kd1 55. Rb6 e2 56. Rb1+ Kd2) (46. Kf1 Rc1+ 47. Ke2 Rg1 {winning
g-pawn}) 46... Ke3 47. Rb3+ Kd4 $17 (47... Kd2 48. Kf2)) 43... Ke3 44. Bxf5 d2
45. Bg4 f5 46. Bh5 Rc1+ 47. Kg2 d1=Q 48. Bxd1 Rxd1 $17) 41... Rxf5 $19 42. Rg7+
Kh6 43. Rxf5 Kxg7 44. Rd5 e3 0-1

[Event "Bundesliga 0203"]
[Site "Germany"]
[Date "2003.01.12"]
[Round "9.5"]
[White "Paehtz, Thomas Sr"]
[Black "Schmittdiel, Eckhard"]
[Result "1/2-1/2"]
[WhiteElo "2459"]
[BlackElo "2491"]
[Annotator "Rogozenco,D"]
[PlyCount "75"]
[EventDate "2002.10.19"]
[EventType "team-tourn"]
[EventRounds "15"]
[EventCountry "GER"]
[SourceTitle "CBM 093"]
[Source "ChessBase"]
[SourceDate "2003.04.01"]
[SourceVersion "1"]
[SourceVersionDate "2003.04.01"]
[SourceQuality "1"]
[WhiteTeam "Erfurt"]
[BlackTeam "Stuttgart"]
[WhiteTeamCountry "GER"]
[BlackTeamCountry "GER"]

1. e4 c5 2. Nf3 e6 3. d4 cxd4 4. Nxd4 Nf6 5. Nc3 Nc6 6. Ndb5 d6 7. Bf4 e5 8.
Bg5 a6 9. Na3 b5 10. Nd5 Be7 11. Bxf6 Bxf6 12. c3 Rb8 13. Nc2 O-O 14. h4 Be6 $5
{Same idea as 14...Be7 - Black simply ignores White's h2-h4 and prepares to
transfer the bishop to b6.} 15. Nce3 (15. Nxf6+ {Only this move can underline
drawback of 14...Be6 (comparing to 14...Be7), but it is too dangerous for
White to take pawn d6 and remain undeveloped.} Qxf6 16. Qxd6 Rbc8 $44) 15...
Be7 16. g3 Qd7 $11 17. Bd3 Bd8 18. Bc2 Kh8 (18... Bb6 19. Qd3 Rfd8 20. Rd1 Ne7
$11) 19. Qd3 Bb6 20. Rd1 Bxe3 (20... Rfd8 21. O-O Ne7 22. Bb3 Bc5 $11) 21. Nxe3
Rbd8 22. Bb3 Ne7 23. Rd2 (23. O-O {might change nothing, but is a move of
first necessity.}) 23... Bxb3 (23... f5 $5) 24. axb3 f5 25. exf5 Nxf5 26. Nxf5
Rxf5 27. O-O d5 28. Rfd1 Qf7 (28... e4 $2 29. Qxe4 $16) 29. Qe4 $5 d4 (29...
Rf8 30. Qxd5 Qxd5 31. Rxd5 Rxf2 $11) 30. cxd4 exd4 31. Rxd4 Rf8 {The
counterplay on the f-file secures Black easy draw.} 32. Rd7 (32. f4 Qxb3 {
[%csl Rg3]}) 32... Qxb3 33. R1d2 R5f6 (33... a5 34. Ra7 {with idea 35.Rxa5 or
35.Qxf5. However, Black can hold here too:} h6 $1 (34... a4 $4 35. Qxf5 Rxf5
36. Rd8+ Qg8 37. Raa8 $18) 35. Rxa5 Rxf2 36. Rxf2 Qd1+ 37. Kg2 Rxf2+ 38. Kxf2
Qd2+ 39. Kf3 Qxa5) 34. Qe7 Qg8 {Looks like White achieved something, but
Black's pieces can create counterplay even from the backrank!} 35. R7d6 (35. b4
Re8 36. Qxe8 Qxe8 37. Rd8 Qg8 38. Rxg8+ Kxg8 $11) (35. Rd8 Rxf2 $1) 35... Re8
36. Qd7 Re1+ 37. Kh2 Qa8 38. Qd8+ (38. Qd8+ Re8 (38... Rf8 $2 39. Qxa8 Rxa8 40.
Rxa6 $1) 39. Qxa8 Rxa8 40. Rxf6 (40. Rd8+ Rf8 41. Rxa8 Rxa8 42. b4 Kg8 43. Ra2
Rc8 44. Rxa6 Rc4 $11) 40... gxf6 41. Rd7 Rc8 42. Rd6 (42. h5 Rc2 43. h6 Kg8 $11
) 42... Rc2 43. Kg2 Kg7 $11) 1/2-1/2

[Event "La Roche sur Yon"]
[Site "La Roche sur Yon"]
[Date "2006.03.17"]
[Round "3"]
[White "Bauer, Christian"]
[Black "Maze, Sebastien"]
[Result "1-0"]
[WhiteElo "2627"]
[BlackElo "2518"]
[Annotator "Rogozenco,D"]
[PlyCount "77"]
[EventDate "2006.03.15"]
[EventType "tourn"]
[EventRounds "9"]
[EventCountry "FRA"]
[EventCategory "12"]
[SourceTitle "CBM 112"]
[Source "ChessBase"]
[SourceDate "2006.06.07"]
[SourceVersion "1"]
[SourceVersionDate "2006.06.07"]
[SourceQuality "1"]

1. e4 c5 2. Nf3 Nc6 3. d4 cxd4 4. Nxd4 e5 5. Nb5 d6 6. N1c3 Nf6 7. Bg5 a6 8.
Na3 b5 9. Bxf6 gxf6 10. Nd5 f5 11. c3 Bg7 12. Bd3 Be6 13. Qh5 f4 {A rather
doubtful move.} (13... O-O $142 $13) (13... b4 14. cxb4 Bxd5 15. exd5 Nxb4 16.
Qxf5 $14) 14. g3 $1 (14. O-O $13) (14. O-O-O $6 b4 $1 15. cxb4 Bxd5 16. exd5
Nxb4 17. Kb1 Nxd3 (17... Rb8 18. Rhe1 Nxd3 19. Rxd3 O-O 20. Nc4 Rb4 21. b3 Qb8
22. Na5 Qb5 23. Rh3 Re8 24. Qxh7+ Kf8 25. Nc6 e4 26. Qf5 f3 27. Rxf3 f6 28.
Rfe3 Rc4 29. Rxe4 Rcxe4 {0-1 Jurcak,M-Manik,M (2455)/Bratislava 1997/EXT 98})
18. Rxd3 O-O 19. Rh3 h6 20. Qh4 (20. Qf5 Qb6 $17) 20... Qb6 21. Rb3 Qd4 22. g4
Qe4+ {0-1 Tlhaleroc,I-Low,S/Guarapuava 1995}) 14... Ne7 (14... O-O 15. Rg1 $14
(15. O-O-O $14) (15. gxf4 exf4 $13)) (14... Bxd5 15. exd5 Ne7 16. Qg5 (16. Be4
$14 {1-0 Bielczyk,J (2410)-Remon,A (2375)/Cienfuegos 1983 (45)}) 16... Ng6 17.
Qxd8+ Rxd8 18. Nc2 O-O 19. g4 e4 20. Bxe4 Rfe8 21. f3 Ne5 22. Kf2 Nc4 (22...
Nxg4+ 23. fxg4 Rxe4 24. Rhe1 $16) 23. Rab1 $16 {1/2-1/2 Lukashok,A (2276)
-Pridorozhni,A (2348)/St Petersburg 2000 (61)}) (14... fxg3 15. hxg3 $16) (
14... b4 15. Nxb4 Nxb4 16. cxb4 Qb6 17. Nc2 Bf6 18. Qe2 Rg8 19. Bc4 Bxc4 20.
Qxc4 $16 {1-0 Fusco,L (2278)-Granara Barreto,S (2223)/Vicente Lopez 2005 (52)})
15. Nxe7 {The best.} Qxe7 16. Nc2 (16. gxf4 $6 {allows Black to open the long
diagonal with} b4 $1 17. cxb4 exf4 {[%csl Gg7] with advantage}) 16... Rc8 $146
{A novelty which cannot change anything: White is much better thanks to his
superior pawn structure and the "dead" bishop on g7.  Other moves that have
been tried in practice are:} (16... O-O 17. gxf4 exf4 18. Rg1 Kh8 19. O-O-O Be5
20. Nb4 Rg8 21. Nd5 $16 {1-0 Martin Gonzalez,A (2340)-Piasetski,L (2395)/
Alicante 1977 (61)}) (16... Rb8 17. Nb4 (17. gxf4 $5 exf4 18. Nb4 Qb7 19. O-O-O
a5 20. Nd5 $16) 17... Qb7 18. a4 bxa4 19. Rxa4 $16 {1-0 Freyse,H-Matthey,H/
Rostock 1982 (31)}) (16... Qf6 17. Nb4 Ke7 18. a4 Bh6 19. axb5 axb5 20. O-O $16
{1-0 Jacobs-Schulz/Corr 1985 (32)}) (16... d5 17. gxf4 exf4 18. O-O-O (18. O-O
Bxc3 $1 19. bxc3 Rg8+ 20. Kh1 Bg4 $19) 18... O-O-O 19. Nb4 $16) (16... Qb7 17.
Rg1 Bf6 18. gxf4 exf4 19. Nd4 Qe7 20. a4 b4 21. Bxa6 $18 {1-0 Groszpeter,A 
(2520)-Szuk,B (2335)/Hungary 1995 (40)}) 17. a4 O-O 18. axb5 axb5 19. O-O Bc4
20. Nb4 Qe6 ({After} 20... Bxd3 21. Nxd3 {the knight will return to b4 anyway})
21. Rfd1 Ra8 (21... Bxd3 22. Rxd3 f5 23. exf5 Qxf5 (23... Rxf5 24. Rxd6 $16)
24. Qxf5 Rxf5 25. Rd5 $16 (25. Rxd6 Bf8 $14)) 22. Rxa8 Rxa8 23. Nd5 $1 {
Unless achieving some concrete benefits, it obviously makes no sense for White
to exchange pawns on f4 and open the long diagonal for black bishop.} (23. gxf4
$6 exf4 24. Qf3 Be5 $14) 23... Bxd3 (23... Bxd5 24. exd5 Qh6 25. Qxh6 Bxh6 26.
Bxb5 $16) 24. Rxd3 Ra2 25. b4 Kh8 26. Kg2 h6 27. h3 {The difference between
the minor pieces is enormous, strategically White is completely winning.
Black's only hope is to keep his rook active and try to prevent White from
making progress.} Ra1 28. Rd1 Ra2 29. Rd3 Ra1 30. Qe2 (30. Qg4 Rc1 31. Qxe6 (
31. gxf4 Qxg4+ (31... exf4 32. Qxf4 $18) 32. hxg4 exf4 33. Nxf4 Rxc3 (33...
Bxc3 34. Ne2 $18) 34. Rxc3 Bxc3 35. Nd5 Bd4 36. f4 Kg7 37. f5 $16) 31... fxe6
32. Nc7 d5 33. Nxe6 dxe4 34. Rd8+ Kh7 35. gxf4 (35. Rd7 $2 f3+ 36. Kh2 Kg6 37.
Nxg7 e3 $19) 35... Bf6 (35... exf4 36. Rd7 $18) 36. Rd7+ Kg6 37. Rd5 exf4 38.
Nxf4+ Kf7 39. Rf5 $16) 30... Qg6 (30... f5 31. g4 (31. gxf4 exf4 32. Nxf4 Qxe4+
33. Qxe4 fxe4 34. Rxd6 Bxc3 $16 {Due to the little number of remaining pawns
this leaves Black with chances to draw.}) 31... fxe4 32. Qxe4 $16) 31. g4 h5
32. Ne7 (32. Nc7 $16) 32... Qg5 $2 (32... Qe6 33. Nd5 (33. Nf5 Qb3 $132 {
[%cal Gb3b1]}) 33... Qg6 34. Nc7 $16) 33. Nf5 $18 f3+ (33... Bf8 34. Rd5 $18)
34. Qxf3 Qc1 35. Kg3 Bf6 36. h4 ({It's never too late to lose a winning
position:} 36. gxh5 $2 Qg5+ $1 37. Qg4 Rg1+ $19) 36... hxg4 37. Kxg4 Kh7 38.
Rxd6 Qg1+ 39. Ng3 1-0

[Event "RUS Cup final 6th"]
[Site "Nefteyugansk"]
[Date "2002.10.07"]
[Round "2"]
[White "Arzumanian, Georgy"]
[Black "Smirnov, Pavel"]
[Result "0-1"]
[WhiteElo "2455"]
[BlackElo "2562"]
[Annotator "Rogozenco,D"]
[PlyCount "84"]
[EventDate "2002.10.06"]
[EventType "tourn"]
[EventRounds "11"]
[EventCountry "RUS"]
[EventCategory "11"]
[SourceTitle "CBM 092"]
[Source "ChessBase"]
[SourceDate "2003.02.06"]
[SourceVersion "1"]
[SourceVersionDate "2003.02.06"]
[SourceQuality "1"]

1. e4 c5 2. Nf3 Nc6 3. d4 cxd4 4. Nxd4 Nf6 5. Nc3 e5 6. Ndb5 d6 7. a4 a6 8. Na3
Bg4 {The idea to provoke f2-f3 and weaken the diagonal a7-g1 was played first
by Pelikan in 1956...} (8... Be6) 9. Be2 {Probably better than 9.f3, which
fully justifies 8...Bg4.} (9. f3 Be6 {[%cal Gd6d5]} 10. Bc4 Rc8 11. O-O Nb4 $11
{[%csl Rd5] secures Black good control over key square d5.}) 9... Bxe2 10. Qxe2
d5 11. Bg5 $1 {As usual fighting for d5 square in Sveshnikov is best White can
do.} (11. exd5 Nxd5 12. Nxd5 (12. Nc4 Bb4 13. Bd2 O-O 14. Nxd5 Qxd5 15. Bxb4
Nxb4 $11 {1-0 Magem Badals,J-Simonet Pons,M/Andorra 2001 (40)}) 12... Qxd5 13.
O-O Nd4 14. Qd3 Rd8 {is at least equal for Black, 0-1 Adhami,V-Solomon,K/
Istanbul 2000 (39)}) 11... d4 (11... Nd4 12. Qd3 dxe4 13. Nxe4 Be7 14. Bxf6
gxf6 (14... Bxf6 15. c3 {followed by Nd6+}) 15. O-O Qc7 16. c3 Ne6 17. Qf3
O-O-O $13 {1/2-1/2 Felgaer,R-Halkias,S/Yerevan 2000 (35)}) 12. Nd5 Qa5+ (12...
Be7 13. Bxf6 Bxf6 14. Nc4 Rb8 15. a5 Ne7 16. Nxf6+ gxf6 17. O-O Ng6 18. g3 $14
{/+/- 1-0 Timofeev,A-Ni Hua/Goa IND 2002 (37)}) 13. Bd2 Qd8 14. Bg5 Be7 (14...
Qa5+ $11 {is objectively the right decision.}) 15. Bxf6 Bxf6 16. Nc4 $14 a5
$146 {Otherwise White will fix it with a4-a5, see the above-given Timofeev-Ni
Hua. Black needs more air on the queenside, 16...a5 secures important square
a6 for the rook.} 17. O-O O-O 18. Ncb6 (18. Ra3 $142 $1 Nb4 (18... Bg5 19. Rb3
$14 {/+/-}) (18... Ra6 19. Rb3) 19. Rb3 $5 Nxd5 $140 20. exd5 Qxd5 21. Nb6 $16)
18... Ra6 19. Nxf6+ gxf6 (19... Qxf6 $2 20. Nd7 $18) 20. Ra3 $2 {The desired
attack doesn't work and Black remains with an extra knight.} (20. Nd5 f5 21. f3
$14) (20. Qg4+ Kh8 21. Nd5 Ne7 22. Nxe7 Qxe7 23. f4 $5 $36) 20... Rxb6 $19 (
20... Qxb6 $4 21. Rg3+ Kh8 22. Qg4 $18) 21. Qh5 (21. Rg3+ Kh8 22. Qg4 Rg8 $19)
(21. Rh3 Re8 22. Qg4+ Kf8 23. Rxh7 Ke7 24. f4 d3 $19) (21. Qg4+ Kh8 22. Rh3 Rg8
23. Qh4 Rg7 $19) 21... Re8 $8 {The only move, but enough to win...} 22. f4 (22.
Qh6 Ne7 23. Rh3 Ng6 $19) (22. Rh3 Kf8 $19) 22... Kf8 23. Raf3 Re6 24. Qxh7 exf4
25. Rxf4 Ne5 {Everything is protected, the king will be safe on e7, the knight
is great on e5. White can resign.} 26. h4 Ke7 27. h5 Qf8 28. h6 Rbc6 29. Rh4
Rc8 30. Qf5 b6 31. Qh3 Ng6 32. Rg4 Qh8 33. Rf5 Qh7 34. Rh5 Rxc2 35. Qa3+ Ke8
36. Qd3 Rc1+ 37. Kh2 Rc5 38. Rh3 Ne5 39. Rg7 Qxh6 40. Rg8+ Ke7 41. Qa6 Qf4+ 42.
Rhg3 Nd7 0-1

[Event "World Cup"]
[Site "Khanty-Mansiysk"]
[Date "2007.12.11"]
[Round "6.3"]
[White "Karjakin, Sergey"]
[Black "Shirov, Alexei"]
[Result "1/2-1/2"]
[WhiteElo "2694"]
[BlackElo "2739"]
[Annotator "Rogozenco,D"]
[PlyCount "205"]
[EventDate "2007.11.24"]
[EventType "k.o."]
[EventRounds "7"]
[EventCountry "RUS"]
[SourceTitle "CBM 122"]
[Source "ChessBase"]
[SourceDate "2008.01.30"]
[SourceVersion "1"]
[SourceVersionDate "2008.01.30"]
[SourceQuality "1"]

1. e4 c5 2. Nf3 Nc6 3. d4 cxd4 4. Nxd4 Nf6 5. Nc3 e5 6. Ndb5 d6 7. Bg5 a6 8.
Na3 b5 9. Nd5 Be7 10. Bxf6 Bxf6 11. c3 {Shirov and Karjakin already played
this position twice and both times the Ukrainian emerged victorious.} Bg5 (
11... O-O 12. Nc2 Rb8 13. h4 Be7 14. g3 Be6 15. a3 a5 16. Nce3 Re8 17. a4 $1 b4
18. Bb5 {1-0 Karjakin,S (2694)-Shirov,A (2739)/Crete 2007 (32). with a very
unpleasant position for Black.}) 12. Nc2 O-O {This time Shirov goes for the
main lines.} (12... Ne7 13. h4 Bh6 14. a4 bxa4 15. Ncb4 O-O 16. Qxa4 Nxd5 17.
Nxd5 a5 18. Bb5 Kh8 19. b4 f5 20. Bc6 Ra7 21. exf5 Bxf5 22. bxa5 Bd3 23. Bb5
Bxb5 24. Qxb5 Raf7 25. O-O Qxh4 26. Qe2 {1-0 Karjakin,S (2678)-Shirov,A (2715)/
Wijk aan Zee 2007 (41). and again it turned out that Black is in troubles.})
13. a4 bxa4 14. Rxa4 a5 15. Bc4 Rb8 16. b3 Kh8 17. Nce3 {The plan to delay
castle short became popular after the game Ponomariov-Kramnik, Wijk-aan-Zee
2005. Since then its theory developed a lot. White's idea is to wait for the
answer ...g7-g6 and then sacrifice the h-pawn in order to create an attack on
the h-file.} (17. O-O f5 18. exf5 Bxf5 19. Nce3 Bg6 20. Be2 Bf7 21. Nc4 Nd4 22.
cxd4 Bxd5 $11 {1/2-1/2 Shirov,A (2710)-Kramnik,V (2790)/Monte Carlo (rapid)
1998 (35)}) 17... g6 18. h4 Bxh4 19. g3 Bg5 20. Qe2 {A new move. Usually White
was trying to use the second rank for the transfer of his rook to the h-file.
Karjakin keeps the possibility to transfer the queen on h2.} ({The main
theoretical variation continues} 20. f4 exf4 21. gxf4 Bh4+ 22. Kd2 (22. Kf1 f5
$132) 22... Ne7 {with wild complications, where Black seems to have enough
resources to keep the balance. Recently Shirov had a pleasant experience in
this line:} 23. Kc1 Nxd5 24. Nxd5 Be6 25. Qd4+ Kg8 26. Kb1 Bxd5 27. Qxd5 Bf6
28. Kc2 Qb6 29. Rf1 Qe3 30. Qd3 Qc5 31. Rd1 Rb6 32. Qg3 Ra8 33. Rd5 Qc7 34. Rf5
Qd8 35. Rd5 Qc7 36. Qh3 $2 {Wrongly avoiding the repetition} Ra7 37. Qe3 Rb8
38. Qd3 Rd8 39. Qd2 Kg7 40. Rd3 h5 41. e5 dxe5 42. fxe5 Be7 $17 {0-1 Jakovenko,
D-Shirov,A/Foros 2007 (53) and Black went on to win.}) 20... f5 21. f4 exf4 22.
gxf4 Bh4+ 23. Kd1 Rb7 {An important position for the evaluation of 20.Qe2} 24.
Qh2 ({The critical variation to fight for advantage is} 24. exf5 Bxf5 25. Nxf5
Rxf5 26. Qg4 $1 (26. Rxh4 {leads to a draw:} Qxh4 27. Qe8+ Kg7 28. Qxc6 Qh1+
29. Kc2 Qg2+ 30. Kd1 (30. Kb1 $2 Rh5 31. Qxb7+ Kh6) 30... Qh1+ $11 ({After} 
30... Rh5 $6 31. Qxb7+ Kh6 32. Qe7 Rh1+ 33. Qe1 Rxe1+ 34. Kxe1 {only White can
try to play for a win})) 26... Rh5 27. Ra2) 24... g5 25. Ba6 $6 {This
practically forces Shirov to sacrifice the exchange for a strong attack.} ({
After} 25. exf5 Bxf5 26. Nxf5 Rxf5 27. Qh3 {the position is double-edged})
25... Rxb3 26. Kc2 {The idea of the previous move, but Black will have
counterplay against the exposed king on b3.} ({No time for} 26. Bxc8 Qxc8 (
26... Rb1+ 27. Kc2 Rxh1 28. Qxh1 Qxc8 29. Nxf5 $14) 27. Kc2 {due to} Qb7 $19)
26... Bxa6 ({Worse is} 26... Rb8 27. Bxc8 Qxc8 28. fxg5) 27. Kxb3 fxe4 28. fxg5
({A move like} 28. Ka3 {would have been more cautious. Black has a good
compensation for the exchange, but the position is still highly unclear.})
28... Qb8+ 29. Rb4 $2 (29. Kc2 $2 Bd3+ 30. Kd2 Qb2+ 31. Kd1 Rf2 $19) (29. Ka3
$2 Rf2 $19) ({Correct was} 29. Nb4 $1 {and after some wild complications White
is able to make a draw:} Nxb4 ({Or} 29... axb4 30. Qxh4 bxc3+ 31. Kxc3 Qb7 (
31... Qc7 32. Nd5 Qg7+ 33. Nf6 $18) 32. Qxe4 $13 {/=}) 30. Qxh4 Nd3+ 31. Rb4 $1
Qa7 32. g6 $1 axb4 ({similar is} 32... Nc5+ 33. Kb2) 33. Qxh7+ Qxh7 34. Rxh7+
Kg8 35. Ng4 $1 {White escapes thanks to this resource. Black can't remove the
rook with check and is forced to repeat the position.} Nc5+ 36. Kb2 $1 (36.
Kxb4 $2 Rb8+ 37. Ka3 Rb7 38. Nh6+ Kf8 39. g7+ Rxg7 40. Rh8+ Ke7 41. Nf5+ Kf6
42. Nxg7 Kxg7 $19) 36... Nd3+ 37. Kb3 $11) 29... axb4 (29... Nxb4 $2 30. cxb4 {
[%csl Rh4]}) 30. Qxh4 (30. cxb4 Na5+ $19) 30... bxc3+ 31. Kxc3 Qa7 32. Qxe4 (
32. g6 $2 Qd4+ 33. Kc2 Bd3+ $19) 32... Ne5 33. g6 Bd3 34. Rxh7+ Qxh7 35. Qxe5+
dxe5 36. gxh7 Bxh7 {The endgame is winning for Black, curiously, even without
the e-pawn. However, in a practical game White's chances to achieve a draw are
higher than Black's chances to win.} 37. Ng4 Rc8+ 38. Kb4 e4 ({Black can't
keep the pawn on e5:} 38... Re8 39. Nc7 Re7 40. Nd5) 39. Ngf6 Bf5 (39... Kg7 $2
40. Nxh7 Kxh7 41. Nf6+ Kg7 42. Nxe4 $11) 40. Nh5 Bg4 41. Ng3 Bf3 42. Nf5 Rc1
43. Nc3 Kh7 44. Kc4 {The king approaches and White inevitably wins the pawn.}
Rc2 (44... Kg6 45. Ng3 e3 46. Kd3 Re1 47. Nce2 {changes nothing}) 45. Kd4 Kg6
46. Ne3 Rd2+ 47. Ke5 Rd3 48. Ned5 Rd2 49. Nxe4 {Thanks to the tablebases the
evaluation of this position is clear: Black can win in ...208 moves! However,
the best play for both sides is incomprehensible for a human logic and
therefore I see no sense to analyze such an endgame here at all.  Moreover,
things are even more complicated: according to the existing FIDE rules the
weaker side can claim a draw if for 50 (or for some positions 100) consecutive
moves there is no piece capture or pawn moves. So basically in the next part
Black can win only if White makes bad mistakes. Karjakin defended well and
thus Shirov had to agree to a draw in the end.} Ra2 50. Nf4+ Kh6 51. Ne6 Ra5+
52. Kf4 Bd1 53. Nd4 Kg6 54. Nc3 Bh5 55. Ne4 Rd5 56. Ke3 Rd8 57. Nc6 Re8 58. Kd4
Ra8 59. Ne5+ Kg7 60. Nd6 Kf6 61. Ne4+ Ke6 62. Nc5+ Kf5 63. Nc6 Re8 64. Nb4 Rd8+
65. Ke3 Be8 66. Nbd3 Bb5 67. Nb4 Rh8 68. Nbd3 Rh3+ 69. Kd4 Rh4+ 70. Ke3 Rc4 71.
Nb3 Re4+ 72. Kd2 Rh4 73. Kc3 Ke4 74. Nd2+ Kd5 75. Nb4+ Kd6 76. Nc2 Rh3+ 77. Kb2
Kd5 78. Na3 Ba4 79. Nc2 Kc5 80. Kc1 Rd3 81. Ne1 Rc3+ 82. Kb2 Kb4 83. Nb1 Rb3+
84. Kc1 Rh3 85. Nc2+ Kc4 86. Ne1 Rh1 87. Kd2 Rh2+ 88. Ke3 Bd1 89. Nd2+ Kd5 90.
Nef3 Re2+ 91. Kf4 Re8 92. Kg3 Rf8 93. Kg2 Bxf3+ 94. Nxf3 Ke4 95. Nd2+ Kd3 96.
Nf1 Rf6 97. Ng3 Rf4 98. Nh5 Rf8 99. Ng3 Ke3 100. Nf1+ Ke2 101. Ng3+ Ke1 102.
Ne4 Rf7 103. Ng3 1/2-1/2